Mammalian genomics

Genomics has experienced a dramatic development during the last 15-20 years. Data from mammalian genomes such as the human, mouse, and rat have already been published, while others such as the dog, cattle and chimpanzee will soon follow. This book summarizes the current knowledge of mammalian

Na minha lista:
Detalhes bibliográficos
Formato: Livro
Idioma:Undetermined
Publicado em: Wallingford, Oxfordshire, UK CABI Pub. 2005
Assuntos:
Tags: Adicionar Tag
Sem tags, seja o primeiro a adicionar uma tag!
Thư viện lưu trữ: Trung tâm Học liệu Trường Đại học Cần Thơ
LEADER 00897nam a2200205Ia 4500
001 CTU_153073
008 210402s9999 xx 000 0 und d
020 |c 166.65 
082 |a 572.8619 
082 |b M263 
245 0 |a Mammalian genomics 
245 0 |c Edited by A. Ruvinsky and J.A. Marshall Graves 
260 |a Wallingford, Oxfordshire, UK 
260 |b CABI Pub. 
260 |c 2005 
520 |a Genomics has experienced a dramatic development during the last 15-20 years. Data from mammalian genomes such as the human, mouse, and rat have already been published, while others such as the dog, cattle and chimpanzee will soon follow. This book summarizes the current knowledge of mammalian 
650 |a Mammals,Genomics,Hệ gen,Động vật học 
650 |x Genetics,Di truyền học 
904 |i Trọng Hải 
980 |a Trung tâm Học liệu Trường Đại học Cần Thơ